Textbook of Psychiatric Nursing Volume 1 (Record no. 8690)

MARC details
000 -LEADER
fixed length control field 00485nam a22001817a 4500
008 - FIXED-LENGTH DATA ELEMENTS--GENERAL INFORMATION
fixed length control field 210430b ||||| |||| 00| 0 eng d
020 ## - INTERNATIONAL STANDARD BOOK NUMBER
International Standard Book Number 9788192406015
082 ## - DEWEY DECIMAL CLASSIFICATION NUMBER
Classification number 610.7368 KAP
100 ## - MAIN ENTRY--PERSONAL NAME
Personal name Bimla Kapoor.
245 ## - TITLE STATEMENT
Title Textbook of Psychiatric Nursing Volume 1
250 ## - EDITION STATEMENT
Edition statement 3rd ed.
260 ## - PUBLICATION, DISTRIBUTION, ETC.
Place of publication, distribution, etc. New Delhi :
Name of publisher, distributor, etc. Kumar Publishing House ;
Date of publication, distribution, etc. 2009.
300 ## - PHYSICAL DESCRIPTION
Extent 182 p.
Dimensions 24 cm.
500 ## - GENERAL NOTE
General note Includes index.
650 ## - SUBJECT ADDED ENTRY--TOPICAL TERM
Topical term or geographic name entry element Psychiatric nursing
942 ## - Added entry Elements (Koha)
Source of classification or shelving scheme Dewey Decimal Classification
Holdings
Withdrawn status Lost status Source of classification or shelving scheme Damaged status Not for loan Collection code Home library Current library Shelving location Date acquired Serial Enumeration / chronology Total Checkouts Total Renewals Full call number Barcode Date last seen Date last checked out Price effective from Koha item type Checked out
    Dewey Decimal Classification     Main TEST RTC Library RTC Library Main opac 30/04/2021 15035 6 7 610.7368 KAP 2009 c.6 30014330 15/04/2025 09/03/2025 30/04/2021 Main  
    Dewey Decimal Classification     Main TEST RTC Library RTC Library Main opac 30/04/2021 15036 2 9 610.7368 KAP 2009 c.4 30014159 15/05/2024 02/02/2024 30/04/2021 Main  
    Dewey Decimal Classification     Main TEST RTC Library RTC Library Main opac 30/04/2021 15037 5 8 610.7368 KAP 2009 c.3 30014236 18/06/2025 01/05/2025 30/04/2021 Main  
    Dewey Decimal Classification     Main TEST RTC Library RTC Library Main opac 30/04/2021 15034 6 15 610.7368 KAP 2009 c.1 30014167 07/04/2025 05/03/2025 30/04/2021 Main  
    Dewey Decimal Classification     Main TEST RTC Library RTC Library Main opac 30/04/2021 15038 8 21 610.7368 KAP 2009 c.2 30014437 02/02/2026 02/02/2026 30/04/2021 Main 30/06/2026
    Dewey Decimal Classification     Main TEST RTC Library RTC Library Main opac 30/04/2021 15039 6 9 610.7368 KAP 2009 c.5 30014177 05/12/2025 21/11/2025 30/04/2021 Main  
    Dewey Decimal Classification     Main TEST RTC Library RTC Library Main opac 14/02/2023 176891 2 9 610.7368 KAP 2009 c.6 30017999 26/06/2024 02/02/2024 14/02/2023 Main  
    Dewey Decimal Classification     Main TEST RTC Library RTC Library Main opac 14/02/2023 176892 3 12 610.7368 KAP 2009 c.7 30017930 04/09/2024 13/08/2024 14/02/2023 Main  
Royal Thimphu College || All Right Reserved